| 000 | 02211cam a22003854a 4500 | ||
|---|---|---|---|
| 999 |
_c6598 _d6598 |
||
| 001 | 60881627 | ||
| 003 | OCoLC | ||
| 005 | 20190117164211.0 | ||
| 008 | 050629s2005 ilua b 001 0beng | ||
| 010 | _a 2005018562 | ||
| 020 | _a0842381910 (hc : alk. paper) | ||
| 020 | _a9780842381918 (hc : alk. paper) | ||
| 020 | _a0842381929 (sc : alk. paper) | ||
| 020 | _a9780842381925 (sc : alk. paper) | ||
| 035 | _a(OCoLC)60881627 | ||
| 040 |
_aDLC _beng _cDLC _dIG# _dBAKER _dJPK _dBTCTA _dVP@ _dYDXCP _dSMP _dOCLCQ _dCQU _dBGTON _dOCLCQ _dBDX _dOCLCA _dP4I _dOCLCF _dCIRBC |
||
| 042 | _apcc | ||
| 043 | _an-us--- | ||
| 050 | 0 | 0 |
_aBR1725.D62 _bB87 2005 |
| 082 | 0 | 0 |
_a269.2 _222 _bD635F |
| 092 | 0 |
_a269.2092 _bD6355b |
|
| 100 | 1 | _aBuss, Dale. | |
| 245 | 1 | 0 |
_aFamily man : _bthe biography of Dr. James Dobson / _cDale Buss. |
| 260 |
_aWheaton, Ill. : _bTyndale House Publishers, _cc2005. |
||
| 300 |
_ax, 415 p. : _bill. (chielfy col.) ; _c24 cm. |
||
| 504 | _aIncludes bibliographical references (p. 399-406) and index. | ||
| 505 | 0 | _aCampaign mode -- Paterfamilias -- Striver -- Daring to discipline -- Packing the house -- The velvet microphone -- Deal with a devil -- A born entrepreneur -- Colorado, here we come! -- Hot pending -- The political animal -- Bringing the hammer -- Stress fractures -- The Dobson difference -- Transformed lives -- Friends of Jim -- A silver thread -- Inside the fishbowl -- Black and white and red and blue -- A crucible and a gauntlet -- A week in the life -- Maybe Bruce was right -- The third way -- No small feat -- Slouching toward Gomorrah -- Montgomery and beyond -- Righteous revolution. | |
| 520 | _aPresents a comprehensive biography of "Focus on the Family" founder, Dr. James Dobson, and chronicles his childhood, early career in psychology, and the evolution of his world-wide ministry that focuses on family values. | ||
| 600 | 1 | 0 |
_aDobson, James C., _d1936- |
| 610 | 2 | 0 |
_aFocus on the Family (Organization) _vBiography. |
| 650 | 0 |
_aChristian biography _zUnited States. |
|
| 655 | 7 |
_aBiography. _2fast _0(OCoLC)fst01423686 |
|
| 776 | 0 | 8 |
_iOnline version: _aBuss, Dale. _tFamily man. _dWheaton, Ill. : Tyndale House Publishers, c2005 _w(OCoLC)653091077 |
| 942 |
_2ddc _cBK |
||